| 000 | 00896nam a22002657a 4500 | ||
|---|---|---|---|
| 005 | 20091020120158.0 | ||
| 008 | 091020t xxu||||| |||| 00| 0 eng d | ||
| 010 | _aENG-95145 | ||
| 020 |
_a9780070672789 _c195.00 |
||
| 020 |
_a0070672784 _c195.00 |
||
| 035 | _aEN-78678 | ||
| 037 | _bDBAD/PUB | ||
| 040 | _aDPL | ||
| 082 | _a620.106 | ||
| 100 | _aRao, B C S | ||
| 245 |
_aFluid mechanics and machinery / _cby B C S Rao |
||
| 250 | _a2nd ed. | ||
| 260 |
_aNew Delhi _bTata McGraw Hill Education _c2010 |
||
| 270 |
_a7, West Patel Nagar _bNew Delhi _e110008 |
||
| 300 |
_aix, 292 p. _c22cm (Pbk) |
||
| 500 | _aIncludes index | ||
| 650 | _aFluid mechanics | ||
| 942 |
_2ddc _cEN _mRAO _h620.106 |
||
| 999 |
_c30969 _d30969 |
||